[Event "POL-chT 1st League"]
[Site "Leba"]
[Date "2023.09.27"]
[Round "5.7"]
[White "Rudzinska, Michalina"]
[Black "Stoppel, Mariusz"]
[Result "1-0"]
[WhiteElo "2228"]
[BlackElo "1947"]
[PlyCount "127"]
[EventDate "2023.09.23"]
[EventType "team-swiss"]
[EventRounds "9"]
[EventCountry "POL"]
[SourceTitle "CBM 216 Extra"]
[Source "ChessBase"]
[SourceDate "2023.11.30"]
[SourceVersion "1"]
[SourceVersionDate "2023.11.30"]
[SourceQuality "1"]
[WhiteTeam "Strzelce Opolskie Strzelec"]
[BlackTeam "Bydgoszcz Hetman"]
[WhiteTeamCountry "POL"]
[BlackTeamCountry "POL"]

1. e4 c5 2. Nf3 e6 3. g3 Nc6 4. Bg2 g6 5. d4 Bg7 6. d5 Nd4 7. Nxd4 cxd4 8. 0-0 d6 9. dxe6 fxe6 10. c3 Qb6 11. cxd4 Bxd4 12. Nc3 Bd7 13. Qd3 Nf6 14. h3 0-0 15. Bh6 Rf7 16. Rad1 Be5 17. Rd2 Rc8 18. Rfd1 Qa5 19. f4 Bxc3 20. bxc3 Ne8 21. Rc1 Qc5+ 22. Kh2 Bb5 23. Qf3 Bc4 24. h4 b5 25. h5 gxh5 26. Re1 Nf6 27. Bh3 Kh8 28. e5 Ng4+ 29. Bxg4 hxg4 30. Qxg4 Rg8 31. Qh4 d5 32. Bg5 Rg6 33. Bf6+ Kg8 34. f5 exf5 35. Qf4 Qc8 36. Kg2 Qe6 37. Kf2 Rg4 38. Qf3 b4 39. cxb4 Qb6+ 40. Kg2 Qxb4 41. Rdd1 Rg6 42. Qe3 Qb2+ 43. Rd2 Qb6 44. Qf3 Qe6 45. Rb1 Rgxf6 46. exf6 Qxf6 47. Rb8+ Kg7 48. Rdb2 a6 49. Qf4 Bb5 50. Rc2 Bc4 51. a4 Qc6 52. a5 Qe6 53. Qg5+ Qg6 54. Qd8 Rf6 55. Rb7+ Rf7 56. Rxf7+ Qxf7 57. Rb2 Bb5 58. Qg5+ Kf8 59. Rf2 Bd3 60. Qh6+ Kg8 61. Kh2 Qg6 62. Qh4 Be4 63. Rb2 Qe6 64. Rc2 1-0

[Event "POL-chT 1st League"]
[Site "Sypniewo"]
[Date "2022.09.10"]
[Round "8.8"]
[White "Stoppel, Mariusz"]
[Black "Polkowski, Piotr"]
[Result "1/2-1/2"]
[WhiteElo "1944"]
[BlackElo "2109"]
[PlyCount "22"]
[EventDate "2022.09.03"]
[EventType "team-swiss"]
[EventRounds "9"]
[EventCountry "POL"]
[SourceTitle "CBM 210 Extra"]
[Source "ChessBase"]
[SourceDate "2022.11.30"]
[SourceVersion "1"]
[SourceVersionDate "2022.11.30"]
[SourceQuality "1"]
[WhiteTeam "Bydgoszcz Hetman"]
[BlackTeam "Lublin LKSz"]
[WhiteTeamCountry "POL"]
[BlackTeamCountry "POL"]

1. e4 e5 2. Nf3 Nc6 3. Bc4 Bc5 4. d3 d6 5. 0-0 Nf6 6. c3 h6 7. h3 0-0 8. Nbd2 Bb6 9. Re1 Ne7 10. Nf1 Ng6 11. Ng3 c6 1/2-1/2

[Event "POL-chT 2nd League"]
[Site "Poronin"]
[Date "2020.09.09"]
[Round "5.10"]
[White "Warchol, Bartosz"]
[Black "Stoppel, Mariusz"]
[Result "0-1"]
[WhiteElo "2025"]
[BlackElo "1982"]
[PlyCount "104"]
[EventDate "2020.09.05"]
[EventType "team-swiss"]
[EventRounds "9"]
[EventCountry "POL"]
[SourceTitle "CBM 198 Extra"]
[Source "ChessBase"]
[SourceDate "2020.11.30"]
[SourceVersion "1"]
[SourceVersionDate "2020.11.30"]
[SourceQuality "1"]
[WhiteTeam "Krakow Klub Szachistow"]
[BlackTeam "Bydgoszcz Hetman"]
[WhiteTeamCountry "POL"]
[BlackTeamCountry "POL"]

1. d4 d5 2. c4 c6 3. Nf3 Nf6 4. e3 e6 5. Nbd2 Nbd7 6. Bd3 dxc4 7. Nxc4 Bb4+ 8. Bd2 Bxd2+ 9. Qxd2 0-0 10. 0-0 c5 11. Rac1 b5 12. Nd6 c4 13. Bb1 Qb6 14. Nxc8 Raxc8 15. e4 Rfe8 16. e5 Nd5 17. Ng5 Nf8 18. f4 f5 19. exf6 Nxf6 20. Kh1 Red8 21. Rcd1 b4 22. Rfe1 Rd5 23. Re5 Rcd8 24. Nf3 a5 25. Qe2 Rc8 26. f5 Ng4 27. Rxd5 exd5 28. Ne5 Nf6 29. g4 c3 30. g5 N6d7 31. Nxd7 Nxd7 32. Qe7 Qd8 33. Qe6+ Kh8 34. bxc3 bxc3 35. Bc2 Nf8 36. Qe3 Qe8 37. Qf3 Qf7 38. Qh3 Qd7 39. Re1 Kg8 40. Qh5 Rb8 41. f6 Ng6 42. Re7 Qb5 43. Rxg7+ Kf8 44. Qf3 Qb1+ 45. Bxb1 Rxb1+ 46. Kg2 Nh4+ 47. Kf2 Nxf3 48. Rc7 Nxg5 49. Ke3 Ne4 50. Kd3 Rd1+ 51. Ke3 Rf1 52. Rxh7 c2 0-1

[Event "POL-chT 2nd League"]
[Site "Poronin"]
[Date "2020.09.05"]
[Round "1.18"]
[White "Stoppel, Mariusz"]
[Black "Sokolowski, Ryszard"]
[Result "1/2-1/2"]
[WhiteElo "1982"]
[BlackElo "1993"]
[PlyCount "97"]
[EventDate "2020.09.05"]
[EventType "team-swiss"]
[EventRounds "9"]
[EventCountry "POL"]
[SourceTitle "CBM 198 Extra"]
[Source "ChessBase"]
[SourceDate "2020.11.30"]
[SourceVersion "1"]
[SourceVersionDate "2020.11.30"]
[SourceQuality "1"]
[WhiteTeam "Bydgoszcz Hetman"]
[BlackTeam "Koszalin Hetman Politechnika"]
[WhiteTeamCountry "POL"]
[BlackTeamCountry "POL"]

1. e4 c5 2. Nc3 Nc6 3. f4 g6 4. Nf3 Bg7 5. Bb5 Nd4 6. 0-0 a6 7. Bc4 b5 8. Bd5 Rb8 9. a4 e6 10. Ba2 Ne7 11. Ne2 0-0 12. Nexd4 cxd4 13. axb5 axb5 14. Bb3 d5 15. e5 Qb6 16. d3 Bd7 17. Qe2 Nc6 18. Bd2 Ra8 19. Rxa8 Rxa8 20. Qf2 Ra6 21. Qh4 Ra8 22. g4 Rf8 23. Ng5 h6 24. Nf3 Qd8 25. Qg3 f6 26. h4 fxe5 27. fxe5 Kh7 28. Kg2 Qb8 29. Re1 Be8 30. Re2 Qc7 31. Be1 Qf7 32. Bf2 Kh8 33. c3 dxc3 34. bxc3 Qf4 35. Qxf4 Rxf4 36. Kg3 Rf7 37. Bc5 Rc7 38. d4 Rc8 39. Bc2 Kg8 40. Bd3 Na5 41. Ra2 Nc4 42. Ra6 Bf7 43. g5 h5 44. Bxc4 bxc4 45. Ng1 Bf8 46. Bxf8 Kxf8 47. Ne2 Rc7 48. Kf3 Rb7 49. Ra1 1/2-1/2

[Event "POL-chT rapid"]
[Site "Zgierz"]
[Date "2018.03.03"]
[Round "2.31"]
[White "Stoppel, Mariusz"]
[Black "Duch, Mariusz"]
[Result "0-1"]
[WhiteElo "2012"]
[BlackElo "2229"]
[PlyCount "84"]
[EventDate "2018.03.03"]
[EventType "team-swiss (rapid)"]
[EventRounds "9"]
[EventCountry "POL"]
[SourceTitle "CBM 183 Extra"]
[Source "ChessBase"]
[SourceDate "2018.04.19"]
[SourceVersion "1"]
[SourceVersionDate "2018.04.19"]
[SourceQuality "1"]
[WhiteTeam "Bydgoszcz Hetman"]
[BlackTeam "Gostynin Gostmat 83"]
[WhiteTeamCountry "POL"]
[BlackTeamCountry "POL"]

1. d4 Nf6 2. Nf3 g6 3. Bf4 Bg7 4. Nc3 d5 5. e3 Nh5 6. Bg5 h6 7. Bh4 c6 8. Be2 Nd7 9. Qd2 g5 10. Bg3 Nxg3 11. hxg3 e5 12. 0-0-0 b5 13. Kb1 e4 14. Ne5 Nxe5 15. dxe5 Qe7 16. Nxd5 cxd5 17. Bxb5+ Kf8 18. Qxd5 Bb7 19. Bc6 Bxc6 20. Qxc6 Rb8 21. c3 Qxe5 22. Rd4 Qf6 23. Qc7 Qb6 24. Qxb6 Rxb6 25. Rxe4 Bxc3 26. b3 Bf6 27. Ra4 Rb7 28. Rd1 Kg7 29. Ra6 Rc8 30. Rdd6 Be7 31. Rdc6 Rd8 32. f4 g4 33. Rc2 h5 34. Ra5 f6 35. Rxh5 Ba3 36. Rh1 Rbd7 37. Re2 f5 38. Kc2 Rc8+ 39. Kb1 Rdc7 40. Ree1 Rc2 41. Rhg1 Rb2+ 42. Ka1 Rcc2 0-1

[Event "POL-chT 2nd League"]
[Site "Jastrzebia Gora"]
[Date "2016.09.07"]
[Round "5.27"]
[White "Stoppel, Mariusz"]
[Black "Krainski, Aleksander"]
[Result "0-1"]
[WhiteElo "2039"]
[BlackElo "2170"]
[PlyCount "80"]
[EventDate "2016.09.03"]
[EventType "team-swiss"]
[EventRounds "9"]
[EventCountry "POL"]
[SourceTitle "EXT 2017"]
[Source "ChessBase"]
[SourceDate "2016.10.25"]
[SourceVersion "1"]
[SourceVersionDate "2016.10.25"]
[SourceQuality "1"]
[WhiteTeam "Bydgoszcz Hetman"]
[BlackTeam "Rotmistrz"]
[WhiteTeamCountry "POL"]
[BlackTeamCountry "POL"]

1. e4 e5 2. Nf3 Nc6 3. Bb5 a6 4. Ba4 Nf6 5. d4 exd4 6. 0-0 Be7 7. Re1 b5 8. e5 Ne4 9. Bb3 Nc5 10. Bd5 Ne6 11. c3 dxc3 12. Nxc3 0-0 13. a4 Rb8 14. axb5 axb5 15. Be3 Nb4 16. Ba7 Nxd5 17. Qxd5 Rb7 18. Ne4 c6 19. Qd2 b4 20. Rec1 Rb5 21. Qe3 Bb7 22. Bc5 Nxc5 23. Nxc5 Qb6 24. Nxd7 Qxe3 25. fxe3 Rd8 26. Rd1 c5 27. e6 fxe6 28. Nde5 Bd5 29. Ra7 Bf6 30. Ng4 Rbb8 31. Nxf6+ gxf6 32. Rc1 Rdc8 33. Nd2 c4 34. Nf3 c3 35. bxc3 b3 36. Nd2 b2 37. Rf1 f5 38. e4 Bxe4 39. Nb1 Bxb1 40. Rxb1 Rxc3 0-1

[Event "POL-chT 2nd League"]
[Site "Jastrzebia Gora"]
[Date "2015.09.11"]
[Round "7.65"]
[White "Stoppel, Mariusz"]
[Black "Bielawski, Michal"]
[Result "1-0"]
[WhiteElo "2034"]
[BlackElo "2036"]
[PlyCount "75"]
[EventDate "2015.09.05"]
[EventType "team-swiss"]
[EventRounds "9"]
[EventCountry "POL"]
[SourceTitle "EXT 2017"]
[Source "ChessBase"]
[SourceDate "2016.10.25"]
[SourceVersion "1"]
[SourceVersionDate "2016.10.25"]
[SourceQuality "1"]
[WhiteTeam "Bydgoszcz Hetman"]
[BlackTeam "Stara Wies Parnas"]
[WhiteTeamCountry "POL"]
[BlackTeamCountry "POL"]

1. e4 d6 2. d4 Nf6 3. Nc3 g6 4. f3 Bg7 5. Be3 c6 6. a4 0-0 7. Qd2 Nbd7 8. Nh3 Qa5 9. Be2 b5 10. b4 Qxb4 11. 0-0 bxa4 12. Rxa4 Qb7 13. Nf2 Nb6 14. Raa1 Be6 15. Ba6 Qc7 16. Qe2 Nfd7 17. f4 Nb8 18. Bd3 Bd7 19. e5 Nd5 20. Nfe4 Bf5 21. g4 Nxc3 22. Nxc3 Bxd3 23. Qxd3 Nd7 24. Ne4 c5 25. dxc5 dxe5 26. f5 Nf6 27. Nxf6+ Bxf6 28. Qe4 Rfc8 29. g5 Bg7 30. Ra6 gxf5 31. Qxf5 e6 32. Qf3 Rd8 33. Ra4 a5 34. Rh4 a4 35. Qe4 Kf8 36. Rxh7 a3 37. Qg6 f5 38. gxf6 1-0

[Event "POL-chT 2nd League"]
[Site "Szczyrk"]
[Date "2014.09.14"]
[Round "9.76"]
[White "Wozniak, Maciej"]
[Black "Stoppel, Mariusz"]
[Result "1/2-1/2"]
[WhiteElo "2148"]
[BlackElo "2048"]
[PlyCount "95"]
[EventDate "2014.09.06"]
[EventType "team-swiss"]
[EventRounds "9"]
[EventCountry "POL"]
[SourceTitle "EXT 2015"]
[Source "ChessBase"]
[SourceDate "2014.11.20"]
[SourceVersion "1"]
[SourceVersionDate "2014.11.20"]
[SourceQuality "1"]
[WhiteTeam "Stara Wies Parnas"]
[BlackTeam "Bydgoszcz Hetman"]
[WhiteTeamCountry "POL"]
[BlackTeamCountry "POL"]

1. e4 c5 2. Nc3 Nc6 3. g3 g6 4. Bg2 Bg7 5. d3 d6 6. f4 e6 7. Nf3 Nge7 8. 0-0 Nd4 9. Be3 Rb8 10. Bf2 0-0 11. Qd2 b6 12. Nd1 Bb7 13. Nh4 f5 14. c3 Ndc6 15. Nf3 Na5 16. Re1 Qd7 17. b3 Rbc8 18. Rc1 h6 19. Qe2 fxe4 20. dxe4 e5 21. fxe5 dxe5 22. Nb2 Qe6 23. Nd2 Rcd8 24. Rcd1 Kh7 25. Nf1 Ng8 26. Ne3 Nf6 27. Qc2 Ng4 28. Nxg4 Qxg4 29. Rxd8 Rxd8 30. Nd1 Nc6 31. Ne3 Qe6 32. Rd1 Rf8 33. Qd2 Qf7 34. Qe2 Qe6 35. Rd2 Rd8 36. Nd5 Rf8 37. Qd1 Bc8 38. Ne3 Qf7 39. Be1 h5 40. Rd6 Bh6 41. Nd5 Ne7 42. Nf6+ Kh8 43. Nd7 Be3+ 44. Kh1 Bxd7 45. Rxd7 Qe6 46. Rxa7 c4 47. b4 Nc6 48. Rb7 1/2-1/2

[Event "POL-chT 2nd League"]
[Site "Szczyrk"]
[Date "2014.09.11"]
[Round "6.82"]
[White "Sikorski, Tomasz"]
[Black "Stoppel, Mariusz"]
[Result "0-1"]
[WhiteElo "1738"]
[BlackElo "2048"]
[PlyCount "100"]
[EventDate "2014.09.06"]
[EventType "team-swiss"]
[EventRounds "9"]
[EventCountry "POL"]
[SourceTitle "EXT 2015"]
[Source "ChessBase"]
[SourceDate "2014.11.20"]
[SourceVersion "1"]
[SourceVersionDate "2014.11.20"]
[SourceQuality "1"]
[WhiteTeam "Siedlce KSz Skoczek"]
[BlackTeam "Bydgoszcz Hetman"]
[WhiteTeamCountry "POL"]
[BlackTeamCountry "POL"]

1. d4 d5 2. Nf3 c6 3. Bf4 Nf6 4. e3 Bg4 5. c4 e6 6. Be2 Nbd7 7. h3 Bxf3 8. Bxf3 dxc4 9. 0-0 Be7 10. Qc2 Nb6 11. Nd2 Nfd5 12. Be5 0-0 13. Nxc4 Nxc4 14. Qxc4 Bd6 15. Bxd6 Qxd6 16. Qb3 Qe7 17. Rfd1 a5 18. Rd3 a4 19. Qa3 Qg5 20. Rc1 h6 21. Rd2 Ra5 22. Rdc2 Rfa8 23. Bd1 e5 24. dxe5 Qxe5 25. Rc5 Rxc5 26. Rxc5 Qd6 27. Bf3 Nb6 28. Qb4 Qc7 29. Ra5 Rb8 30. Bd1 Rd8 31. Bxa4 Nxa4 32. Qxa4 b5 33. Ra7 Qb8 34. Qc2 Qxa7 35. Qxc6 Qd7 36. Qe4 Qd5 37. Qh4 Rc8 38. b3 Qd6 39. f4 Qe6 40. Qe1 Qe4 41. a4 bxa4 42. bxa4 Qxa4 43. e4 Re8 44. Qb1 Qxe4 45. Qb5 Qe3+ 46. Kh1 Qc1+ 47. Kh2 Qxf4+ 48. g3 Qf2+ 49. Kh1 Re1+ 50. Qf1 Rxf1# 0-1

[Event "POL-chT 2nd League"]
[Site "Szczyrk"]
[Date "2014.09.06"]
[Round "1.83"]
[White "Stoppel, Mariusz"]
[Black "Janulek, Dawid"]
[Result "1-0"]
[WhiteElo "2048"]
[BlackElo "1936"]
[PlyCount "65"]
[EventDate "2014.09.06"]
[EventType "team-swiss"]
[EventRounds "9"]
[EventCountry "POL"]
[SourceTitle "EXT 2015"]
[Source "ChessBase"]
[SourceDate "2014.11.20"]
[SourceVersion "1"]
[SourceVersionDate "2014.11.20"]
[SourceQuality "1"]
[WhiteTeam "Bydgoszcz Hetman"]
[BlackTeam "Pszczyna PSSz"]
[WhiteTeamCountry "POL"]
[BlackTeamCountry "POL"]

1. e4 c5 2. b4 cxb4 3. Bb2 d5 4. exd5 Nf6 5. Bb5+ Nbd7 6. c4 bxc3 7. Nxc3 a6 8. Qa4 Rb8 9. Be2 b5 10. Qh4 Nb6 11. Nf3 Nbxd5 12. Ne5 Bb7 13. Nxb5 Qa5 14. a4 e6 15. Nc4 Qd8 16. Nd4 Be7 17. 0-0 g5 18. Qg3 Ne4 19. Qe5 Ndf6 20. Bf3 Bd5 21. Bxe4 Bxe4 22. Ba3 Bxa3 23. Rxa3 Bd5 24. Nd6+ Ke7 25. N6f5+ Kf8 26. Ne3 Rg8 27. Rc3 Kg7 28. g3 h6 29. Nc6 Bxc6 30. Rxc6 Kg6 31. f4 Qxd2 32. fxg5 Rb2 33. Rxf6+ 1-0

[Event "POL-chT 2nd League"]
[Site "Lazy"]
[Date "2012.09.07"]
[Round "7"]
[White "Tustanowski, Robert"]
[Black "Stoppel, Mariusz"]
[Result "1-0"]
[WhiteElo "2304"]
[BlackElo "2090"]
[PlyCount "55"]
[EventDate "2012.09.01"]
[EventType "team-swiss"]
[EventRounds "9"]
[EventCountry "POL"]
[SourceTitle "EXT 2019"]
[Source "ChessBase"]
[SourceDate "2018.10.10"]
[SourceVersion "1"]
[SourceVersionDate "2018.10.10"]
[SourceQuality "1"]
[WhiteTeam "Prudnik LKS Zarzewie"]
[BlackTeam "Bydgoszcz Hetman"]
[WhiteTeamCountry "POL"]
[BlackTeamCountry "POL"]

1. e4 c5 2. Nf3 Nc6 3. Bb5 e5 4. Nc3 d6 5. d3 Nf6 6. Bg5 Be7 7. Bxf6 Bxf6 8. Nd2 0-0 9. Nf1 Nd4 10. Bc4 b5 11. Bd5 b4 12. Bxa8 bxc3 13. bxc3 Bg4 14. f3 Qa5 15. fxg4 Qxc3+ 16. Kf2 Rxa8 17. Ne3 Ne6 18. Rb1 Bg5 19. Nd5 Qd4+ 20. Kf1 Qa4 21. h4 Bf4 22. Rh3 h5 23. g5 Qxa2 24. g3 Bd2 25. Rh2 Bb4 26. Rf2 Qa4 27. Qxh5 Qd7 28. g6 1-0

[Event "EU-ch rapid"]
[Site "Warsaw"]
[Date "2011.12.17"]
[Round "2"]
[White "Vovk, Yuri"]
[Black "Stoppel, Mariusz"]
[Result "0-1"]
[WhiteElo "2571"]
[BlackElo "2090"]
[PlyCount "64"]
[EventDate "2011.12.17"]
[EventType "swiss (rapid)"]
[EventRounds "13"]
[EventCountry "POL"]
[SourceTitle "CBM 145 Extra"]
[Source "ChessBase"]
[SourceDate "2012.01.03"]
[SourceVersion "1"]
[SourceVersionDate "2012.01.03"]
[SourceQuality "1"]

1. d4 d5 2. c4 c6 3. Nf3 Nf6 4. Nc3 dxc4 5. a4 Bf5 6. e3 e6 7. Bxc4 Be7 8. 0-0 0-0 9. Qe2 Ne4 10. Nd2 Nxc3 11. bxc3 Nd7 12. e4 Bg6 13. f4 h6 14. f5 exf5 15. exf5 Bh7 16. Ne4 Nf6 17. Nxf6+ Bxf6 18. Ba3 Re8 19. Qb2 Qd7 20. Rab1 b6 21. a5 Bxf5 22. Rbd1 b5 23. Ba2 Bg4 24. Rd2 Kh8 25. h3 Bh5 26. Kh1 Re3 27. Rdf2 Rae8 28. Rxf6 gxf6 29. Qf2 Rf3 30. Qxf3 Bxf3 31. Rxf3 Re1+ 32. Kh2 Qc7+ 0-1

[Event "POL-chT 2nd League"]
[Site "Mrzezyno"]
[Date "2011.09.08"]
[Round "6"]
[White "Stoppel, Mariusz"]
[Black "Galyga, Zbigniew"]
[Result "1/2-1/2"]
[WhiteElo "2069"]
[BlackElo "2147"]
[PlyCount "67"]
[EventDate "2011.09.03"]
[EventType "team-swiss"]
[EventRounds "9"]
[EventCountry "POL"]
[SourceTitle "EXT 2015"]
[Source "ChessBase"]
[SourceDate "2014.11.20"]
[SourceVersion "1"]
[SourceVersionDate "2014.11.20"]
[SourceQuality "1"]
[WhiteTeam "Bydgoszcz Hetman"]
[BlackTeam "Gliwice Roszada Sikornik"]
[WhiteTeamCountry "POL"]
[BlackTeamCountry "POL"]

1. e4 g6 2. d4 Bg7 3. Nc3 d6 4. Be3 a6 5. a4 b6 6. Qd2 Bb7 7. f3 Nd7 8. Nge2 c5 9. d5 Ne5 10. Nc1 h5 11. Be2 Nf6 12. h3 h4 13. f4 Ned7 14. 0-0 Qc7 15. Bf3 0-0-0 16. N1e2 e6 17. Rfb1 exd5 18. exd5 Rde8 19. Bf2 Kb8 20. b4 Ka8 21. Ra3 cxb4 22. Rxb4 Nc5 23. Qd1 Nfd7 24. Nd4 Bf6 25. Nc6 Bxc3 26. Rxc3 a5 27. Rd4 Nf6 28. Ra3 Nfe4 29. c4 Nxf2 30. Kxf2 Ba6 31. Qb1 Bb7 32. Qd1 Ba6 33. Qb1 Bb7 34. Qd1 1/2-1/2

[Event "POL-chT3 Kujawsko Pomorskie 0910"]
[Site "Poland"]
[Date "2010.02.07"]
[Round "7.32"]
[White "Stoppel, Mariusz"]
[Black "Starzynski, Waldemar"]
[Result "1/2-1/2"]
[WhiteElo "2076"]
[BlackElo "1877"]
[PlyCount "60"]
[EventDate "2009.11.08"]
[EventType "team-tourn"]
[EventRounds "11"]
[EventCountry "POL"]
[SourceTitle "EXT 2020"]
[Source "ChessBase"]
[SourceDate "2019.10.17"]
[SourceVersion "1"]
[SourceVersionDate "2019.10.17"]
[SourceQuality "1"]

1. e4 e6 2. Bb5 a6 3. Ba4 b5 4. Bb3 Bb7 5. d3 c5 6. Qe2 Nc6 7. Nf3 Be7 8. 0-0 Nf6 9. e5 Nd5 10. c4 Nb6 11. cxb5 axb5 12. Nc3 Na5 13. Bc2 Bc6 14. d4 c4 15. Bf4 g5 16. Bg3 h5 17. h3 Nd5 18. Nxd5 Bxd5 19. Be4 g4 20. Bxd5 exd5 21. hxg4 hxg4 22. Nh2 Nc6 23. Qxg4 Qb6 24. Nf3 0-0-0 25. Rfd1 Rdg8 26. Qf5 Rg7 27. a4 Rgh7 28. Bh2 b4 29. Qf4 Na5 30. Ra2 Bd8 1/2-1/2

[Event "POL-chT3 Kujawsko Pomorskie 0910"]
[Site "Poland"]
[Date "2010.01.10"]
[Round "5.2"]
[White "Jagodzinski, Waldemar"]
[Black "Stoppel, Mariusz"]
[Result "1/2-1/2"]
[WhiteElo "2066"]
[BlackElo "2076"]
[PlyCount "100"]
[EventDate "2009.11.08"]
[EventType "team-tourn"]
[EventRounds "11"]
[EventCountry "POL"]
[SourceTitle "EXT 2020"]
[Source "ChessBase"]
[SourceDate "2019.10.17"]
[SourceVersion "1"]
[SourceVersionDate "2019.10.17"]
[SourceQuality "1"]

1. d4 d5 2. Nf3 Nf6 3. c4 c6 4. cxd5 cxd5 5. Nc3 Nc6 6. Bf4 a6 7. Rc1 g6 8. e3 Bg7 9. Bd3 0-0 10. 0-0 Bg4 11. h3 Bxf3 12. Qxf3 Qa5 13. Bg5 Ne4 14. Bxe4 dxe4 15. Qg3 f5 16. a3 Rf7 17. Bf4 e5 18. dxe5 Bxe5 19. Rfd1 Bxf4 20. Qxf4 Qe5 21. Na4 Re8 22. Rc3 Kg7 23. Nc5 Qxf4 24. exf4 Nb8 25. Rd6 h6 26. Ne6+ Kh7 27. Nc5 g5 28. fxg5 hxg5 29. Ne6 Rg8 30. Rc5 Nc6 31. Rdd5 Rg6 32. Nd4 Nxd4 33. Rxd4 Re6 34. Rdd5 Kg6 35. g4 Ref6 36. gxf5+ Rxf5 37. Rxf5 Rxf5 38. Rc4 Rb5 39. b4 Kf5 40. Kg2 Re5 41. Rc7 e3 42. fxe3 Rxe3 43. a4 b5 44. axb5 axb5 45. Rb7 Re5 46. Kf3 Rd5 47. Rf7+ Ke6 48. Rb7 Kf5 49. Rb8 Rd3+ 50. Kg2 Rd2+ 1/2-1/2

[Event "POL-chT3 Kujawsko Pomorskie 0809"]
[Site "Poland"]
[Date "2009.02.15"]
[Round "8.8"]
[White "Grzenkowicz, Przemyslaw"]
[Black "Stoppel, Mariusz"]
[Result "1/2-1/2"]
[WhiteElo "1906"]
[BlackElo "2074"]
[PlyCount "81"]
[EventDate "2008.11.09"]
[EventType "team-tourn"]
[EventRounds "11"]
[EventCountry "POL"]
[SourceTitle "EXT 2019"]
[Source "ChessBase"]
[SourceDate "2018.10.10"]
[SourceVersion "1"]
[SourceVersionDate "2018.10.10"]
[SourceQuality "1"]

1. d4 d5 2. Nf3 Nf6 3. c4 c6 4. cxd5 cxd5 5. Nc3 Nc6 6. Bf4 a6 7. e3 Bg4 8. Be2 e6 9. h3 Bf5 10. a3 Bd6 11. Bxd6 Qxd6 12. 0-0 0-0 13. Bd3 Ne4 14. Qc2 Nxc3 15. Bxf5 exf5 16. bxc3 g6 17. c4 dxc4 18. Qxc4 b5 19. Qd3 Rfd8 20. Rfd1 f6 21. Rac1 Kg7 22. Rc5 Qxc5 23. dxc5 Rxd3 24. Rxd3 Ne5 25. Nxe5 fxe5 26. Rd7+ Kf6 27. Rxh7 Rc8 28. Ra7 Rc6 29. f3 e4 30. fxe4 fxe4 31. Rb7 Ke5 32. Rb6 Kd5 33. Kf2 Kxc5 34. Rxc6+ Kxc6 35. Ke2 Kc5 36. Kd2 Kc4 37. Kc2 g5 38. g3 a5 39. h4 gxh4 40. gxh4 Kd5 41. Kc3 1/2-1/2

[Event "POL-chT3 Kujawsko Pomorskie 0809"]
[Site "Poland"]
[Date "2008.12.21"]
[Round "4.27"]
[White "Stoppel, Mariusz"]
[Black "Gorski, Leszek"]
[Result "0-1"]
[WhiteElo "2074"]
[BlackElo "2109"]
[PlyCount "84"]
[EventDate "2008.11.09"]
[EventType "team-tourn"]
[EventRounds "11"]
[EventCountry "POL"]
[SourceTitle "EXT 2019"]
[Source "ChessBase"]
[SourceDate "2018.10.10"]
[SourceVersion "1"]
[SourceVersionDate "2018.10.10"]
[SourceQuality "1"]

1. e4 c5 2. Nc3 Nc6 3. Nge2 g6 4. g3 Bg7 5. Bg2 d6 6. 0-0 e6 7. d3 Nge7 8. Be3 0-0 9. d4 cxd4 10. Nxd4 Nxd4 11. Bxd4 e5 12. Be3 Be6 13. Qd2 Qd7 14. Rad1 Rfd8 15. f4 b6 16. f5 gxf5 17. exf5 Nxf5 18. Bxa8 Rxa8 19. Nd5 Rc8 20. Bg5 Bxd5 21. Qxd5 h6 22. Bc1 Rxc2 23. Qe4 Nd4 24. Rxd4 Rxc1 25. Rxc1 exd4 26. b3 Be5 27. Kg2 Kg7 28. Kf3 Qb5 29. Rc4 Kf6 30. g4 Kg7 31. h4 Bf6 32. Qf5 Qe8 33. Qe4 Qd7 34. Rc1 Be5 35. Rg1 Qc8 36. Qd3 Qe6 37. Qf5 Qd5+ 38. Qe4 Qe6 39. g5 Qh3+ 40. Kf2 Qc3 41. gxh6+ Kxh6 42. Rg5 Qd2+ 0-1

[Event "POL-chT3 Kujawsko Pomorskie 0809"]
[Site "Poland"]
[Date "2008.12.07"]
[Round "3.9"]
[White "Wisniewski, Adam"]
[Black "Stoppel, Mariusz"]
[Result "1/2-1/2"]
[WhiteElo "2098"]
[BlackElo "2074"]
[PlyCount "53"]
[EventDate "2008.11.09"]
[EventType "team-tourn"]
[EventRounds "11"]
[EventCountry "POL"]
[SourceTitle "EXT 2019"]
[Source "ChessBase"]
[SourceDate "2018.10.10"]
[SourceVersion "1"]
[SourceVersionDate "2018.10.10"]
[SourceQuality "1"]

1. e4 c5 2. c3 Qa5 3. Nf3 Nc6 4. Bd3 d6 5. h3 g6 6. 0-0 Bg7 7. Bc2 e5 8. a4 Nge7 9. Na3 0-0 10. Nc4 Qc7 11. Ne3 h6 12. d3 Be6 13. Ng4 Bxg4 14. hxg4 d5 15. Bb3 Rad8 16. Qe2 Na5 17. Ba2 d4 18. b4 Nac6 19. b5 Nb8 20. cxd4 exd4 21. g3 g5 22. Ba3 Ng6 23. Qd2 Nd7 24. Kg2 Nde5 25. Nxe5 Nxe5 26. Rac1 b6 27. f3 1/2-1/2

[Event "POL-chT3 Kujawsko Pomorskie 0708"]
[Site "Poland"]
[Date "2008.02.24"]
[Round "8.20"]
[White "Mazalon, Bartlomiej"]
[Black "Stoppel, Mariusz"]
[Result "1-0"]
[WhiteElo "1934"]
[BlackElo "2120"]
[PlyCount "96"]
[EventDate "2007.11.04"]
[EventType "team-tourn"]
[EventRounds "11"]
[EventCountry "POL"]
[SourceTitle "EXT 2019"]
[Source "ChessBase"]
[SourceDate "2018.10.10"]
[SourceVersion "1"]
[SourceVersionDate "2018.10.10"]
[SourceQuality "1"]

1. e4 c5 2. Nf3 e6 3. d3 Nc6 4. g3 g6 5. Bg2 Bg7 6. 0-0 Nge7 7. Re1 d6 8. Nbd2 0-0 9. Nf1 Rb8 10. c3 Ne5 11. Nxe5 dxe5 12. Be3 b6 13. Qc2 Bb7 14. Rad1 Qc7 15. f4 exf4 16. gxf4 e5 17. Qc1 f5 18. fxe5 fxe4 19. d4 Nf5 20. Bf4 cxd4 21. cxd4 Qxc1 22. Bxc1 Nh4 23. Bxe4 Nf3+ 24. Bxf3 Bxf3 25. Rd3 Rbc8 26. Bg5 Rc2 27. Rd2 Rcc8 28. Ng3 h6 29. Be7 Rfe8 30. Ba3 Bd5 31. Ne4 Re6 32. Nc3 Rd8 33. Red1 h5 34. Bd6 Bf3 35. Rf1 Bh6 36. Rxf3 Bxd2 37. Ne4 Bb4 38. Nf6+ Kg7 39. Bxb4 Rxd4 40. Bc3 Rd1+ 41. Kg2 Rc1 42. Nd7 Rc2+ 43. Kg3 g5 44. Nf8 Rc6 45. e6+ Kg8 46. e7 Re2 47. Ng6 Rxg6 48. Rf8+ Kh7 1-0